Statistics for Guess the flowers & animals

Click here to take the quiz!

General Stats

  • This quiz has been taken 24 times
  • The average score is 13 of 15

Answer Stats

Answer% Correct
Artic Fox
100%
Dolphin
100%
Fox
100%
Sunflower
100%
Daisy
95%
Dove
95%
Lavender
95%
Rose
95%
Turtle
95%
Water lilly
90%
Poppy
81%
Robin
71%
Blue Bell
57%
Blue Jay
48%
Blossom
33%

Score Distribution

Percentile by Number Answered

Percent of People with Each Score

Your Score History

You have not taken this quiz